Tradiciones peruanas /

Guardado en:
Autor Principal: Palma, Ricardo
Formato: Libro
Publicado: Madrid : Aguilar, 1962
Series:Colección el globo de colores
Materias:
Etiquetas: Agregar Etiqueta
Sin Etiquetas, Sea el primero en etiquetar este registro!
LEADER 00510nam a22001815a 4500
001 CEM.cems004865
005 20101015122941.0
008 130507s1962##################000#0#####d
003 CEMS
082 0 4 |a Pe863.2 
100 1 |a Palma, Ricardo 
245 1 0 |a Tradiciones peruanas /  |c Ricardo Palma 
260 |a Madrid :  |b Aguilar,  |c 1962 
300 |a 76 p. 
490 0 |a Colección el globo de colores 
653 |a Literatura 
653 |a Literatura peruana 
859 |a CEMS  |b BIB. CEMS - 11 de abril  |h Pe863.2  |i P18-2  |p 9076.81  |t Ej.1